Score 0/20 Timer 10:00
0 Plays Today
Actor Character % Correct
Scott Michael FosterCappie
96.6%
Jacob ZacharRusty
96.1%
Spencer GrammerCasey
95.3%
Jake McDormanEvan
92.3%
Clark DukeDale
90.1%
Dilshad VadsariaRebecca
88.8%
Tiffany DupontFrannie
83.3%
Amber StevensAshleigh
80.7%
Aaron HillBeaver
76%
Paul JamesCalvin
74.7%
Actor Character % Correct
Jessica RoseJen K.
59.2%
Charisma CarpentarTegan
53.6%
Jesse McCartneyAndy
49.8%
Johanna BradyJordan
47.6%
Derek MioWade
45.5%
Michael RadyMax
42.9%
Andrew J. WestFisher
29.6%
Gregory MichaelGrant
26.6%
Senta MosesLizzi
19.7%
Eileen April BoylanBetsy
13.7%
Remove Ads.
Support Sporcle.
Get the best of Sporcle when you Go Orange. This ad-free experience offers more features, more stats, and more fun while also helping to support Sporcle. Thank you for becoming a member.

You're not logged in!

Compare scores with friends on all Sporcle quizzes.
OR
Log In

Show Comments

Extras

Top Quizzes Today


Score Distribution

Your Account Isn't Verified!

In order to create a playlist on Sporcle, you need to verify the email address you used during registration. Go to your Sporcle Settings to finish the process.

Report this User

Report this user for behavior that violates our Community Guidelines.

Details: